00426nam a22001457a 4500999001900000040001200019082001300031100003200044245003000076250001000106260004700116300001200163942001200175952009300187 c534412d534412 cMSOHAIL a891.4391 aMuhammad Shamsul Haq928486 aPaimana-e-Ghazal: Vol - 2 aVol-2 aIslamabadbNational Book Foundationcc2009 a473;pxv 2ddccBK 00102ddc4070aNITbNITd2020-02-19l0o891.4391pNIT-9855r2020-02-19w2020-02-19yBK